Effects of Defects in Composite Materials (Record no. 610811)

000 -LEADER
fixed length control field 00344nam a22001217a 4500
040 ## - CATALOGING SOURCE
Transcribing agency NUST
082 ## - DEWEY DECIMAL CLASSIFICATION NUMBER
Classification number 620.118
Author Mark EFF
100 ## - MAIN ENTRY--PERSONAL NAME
Personal name Dick J. Wilkins
9 (RLIN) 125048
245 ## - TITLE STATEMENT
Title Effects of Defects in Composite Materials
260 ## - PUBLICATION, DISTRIBUTION, ETC.
Place of publication, distribution, etc. San Francisco:
Name of publisher, distributor, etc. ASTM Publication,
Date of publication, distribution, etc. 1984.
650 ## - SUBJECT ADDED ENTRY--TOPICAL TERM
Source of heading or term Effects of Defects in Composite Materials
942 ## - ADDED ENTRY ELEMENTS (KOHA)
Source of classification or shelving scheme
Koha item type Book
Holdings
Withdrawn status Lost status Source of classification or shelving scheme Damaged status Not for loan Permanent Location Current Location Shelving location Date acquired Total Checkouts Full call number Barcode Date last seen Price effective from Koha item type
          College of Electrical & Mechanical Engineering (CEME) College of Electrical & Mechanical Engineering (CEME) General Stacks 08/06/2024   620.118 EFF CEME- 37398 08/06/2024 08/06/2024 Book
          College of Electrical & Mechanical Engineering (CEME) College of Electrical & Mechanical Engineering (CEME) General Stacks 08/06/2024   620.118 EFF CEME- 37399 08/06/2024 08/06/2024 Book
© 2023 Central Library, National University of Sciences and Technology. All Rights Reserved.